| 000 | 00754nam a2200217 a 4500 | ||
|---|---|---|---|
| 005 | 20241022063651.0 | ||
| 008 | 040114s2001 mx r 000 0 spa d | ||
| 020 | _a9681908813 | ||
| 035 | _aUPN01000131255 | ||
| 049 | _aCG | ||
| 050 | 4 |
_aHQ770.4 _bW9.4 |
|
| 100 | 1 | _aWychoff, Jerry | |
| 245 | 1 | 0 |
_aEducar con amor y paciencia : _buna guía para solucionar los problemas de comportamiento infantil / _cJerry Wychoff y Barbara C. Unell ; tr. María del Yerro. |
| 260 |
_aMéxico : _bAguilar, _c2001. |
||
| 300 | _a230 p. | ||
| 534 |
_pTraducción de: _tDiscipline without shouting or spanking |
||
| 650 | 4 |
_aDisciplina de niños _914102 |
|
| 650 | 4 |
_aNiños _xDirección _96094 |
|
| 700 | 1 |
_aUnell, Barbara C., _d1951- _ecoaut. _942399 |
|
| 905 | _aLibro | ||
| 999 |
_c103410 _d103410 |
||